A Super Marióban az a lényeg, hogy az élet tükröződik benne

Elmentve itt :
Bibliográfiai részletek
Szerző: Sárközy Bence
Dokumentumtípus: Könyv része
Megjelent: 2002
Sorozat:Szövegek között 6
Fejezetek a világirodalom köréből 6
Kulcsszavak:Irodalomtudomány
Tárgyszavak:
Online Access:http://acta.bibl.u-szeged.hu/32010
LEADER 00749naa a2200217 i 4500
001 acta32010
005 20220207105334.0
008 161017s2002 hu o 0|| hun d
022 |a 1418-0480 
040 |a SZTE Egyetemi Kiadványok Repozitórium  |b hun 
041 |a hun 
100 1 |a Sárközy Bence 
245 1 2 |a A Super Marióban az a lényeg, hogy az élet tükröződik benne  |h [elektronikus dokumentum] /  |c  Sárközy Bence 
260 |c 2002 
300 |a 155-166 
490 0 |a Szövegek között  |v 6 
490 0 |a Fejezetek a világirodalom köréből  |v 6 
650 4 |a Bölcsészettudományok 
650 4 |a Nyelvek és irodalom 
695 |a Irodalomtudomány 
856 4 0 |u http://acta.bibl.u-szeged.hu/32010/1/szovegek_006_155-166.pdf  |z Dokumentum-elérés